Statistics for Top 20 Countries by Water Area

Click here to take the quiz!

General Stats

  • This quiz has been taken 29 times
  • The average score is 15 of 20

Answer Stats

AnswerArea% Correct
United States664,709 km²
100%
Canada891,163 km²
96%
Russia720,500 km²
96%
Brazil55,460 km²
92%
India314,070 km²
92%
Australia58,920 km²
88%
Argentina43,710 km²
85%
China27,060 km²
85%
Indonesia93,000 km²
85%
United Kingdom56,020 km²
85%
Colombia100,210 km²
81%
Democratic Republic of the Congo77,810 km²
69%
Iran116,600 km²
69%
Venezuela30,000 km²
69%
Finland34,330 km²
65%
Sweden39,960 km²
65%
Tanzania61,500 km²
65%
Ethiopia104,300 km²
54%
Sudan129,813 km²
46%
Uganda43,938 km²
31%

Score Distribution

Percentile by Number Answered

Percent of People with Each Score

Your Score History

You have not taken this quiz